000 00684nam a2200181 i 4500
001 100386
003 ES-MaACL
005 20230906182650.0
007 t|
008 050928s1969 sp ||||1| spa d
100 1 _aMascarĂ³ Pasarius, J.
_978687
245 1 0 _aHistoria de Mallorca /
_ccoordinada por J. MascarĂ³ Pasarius.
260 _aPalma de Mallorca :
_bMiramar,
_c1969.
300 _a5 v. :
_bil. ;
_c28 cm.
505 8 _aContiene: T. I.-- Fasc. 2, 4, 5, 6, 7, 11, 14, 15, 17, 23. T. II.-- Fasc. 2, 5, 6, 7, 10, 12, 14, 15. T.III.-- Fasc. 5, 6. T. IV.-- Fasc. 1-3, 5-22. T.V.-- Fasc. 1-22
651 4 _aMallorca-
_xHistoria.
_99016
852 _aES-MaACL
_jP-370-Ter
_bR.70871
999 _c100386
_d100386